Desarrollo de la psicología social en Costa Rica (1996-2006) = Development of social psychology /

En este artículo se identifican, clasifican y reseñan las investigaciones sobre cuestiones psicosociales elaboradas por la comunidad científica costarricense y publicadas en Costa Rica en un período comprendido entre 1996-2006, así se considera que el proceso puede propiciar una reflexión acerca de...

Ausführliche Beschreibung

Gespeichert in:
Bibliographische Detailangaben
1. Verfasser: Vega Robles, Isabel
Weitere Verfasser: Sánchez Altamirano, Adriana
Format: Text
Schlagworte:
Tags: Tag hinzufügen
Keine Tags, Fügen Sie den ersten Tag hinzu!

MARC

LEADER 00000 a a2200000 04500
001 41128
003
040
100 |a Vega Robles, Isabel  
245 |a Desarrollo de la psicología social en Costa Rica (1996-2006) =   |b Development of social psychology /  |c Isabel Vega Robles ; Adriana Sánchez Altamirano  
500 |a isabelv@racsa.co.cr   |a adrisanchezaltamirano@gmail.com  
520 |a En este artículo se identifican, clasifican y reseñan las investigaciones sobre cuestiones psicosociales elaboradas por la comunidad científica costarricense y publicadas en Costa Rica en un período comprendido entre 1996-2006, así se considera que el proceso puede propiciar una reflexión acerca de cuál es la respuesta de los(as) psicólogos(as) sociales de nuestro país ante fenómenos psicosociales que demandan algún tipo de atención. Igualmente, puede permitir obtener un inventario (ordenado por áreas y subtemas) de trabajos de PS realizados en Costa Rica.  
590 |a SJB/OCTUBRE2012  
650 |a 1.PSICOLOGIA SOCIAL  
650 |a 2.INVESTIGACIONES SOCIALES  
650 |a 3.AUTORES  
650 |a 4.PUBLICACIONES  
650 |a 5.COSTA RICA  
700 |b Sánchez Altamirano, Adriana 
773 |g volumen89, número2 ( , 2010), páginas 75-84 : tablas, gráficos  
999 |c 37410  |d 37410